Trouve les fautes d'orthographe (Mort subite) - Statistiques

Statistiques générales
  • Ce quiz a été pris 1 305 fois
  • Le résultat moyen est 6 sur 15
Answers on the Grid
Answers color-coded by a green-red scale on the quiz's grid according to % correct below.
Johnny Halliday
Acceuil
Roblochon
Paralele
Méditerannée
Magazin
Pyrénnées
Cauchemard
Ecchimose
Kazaksthan
Hipoppotame
San Fransisco
Caléïdoscaupe
Canulare
Arborigène
Boomerang
Valéry Giscard d'Estaing
Mythologie
Amygdale
Sri Jayawardenapura
Nyctalope
Ljubljana
Luthier
Fainéant
Blizzard
Snooker
Acquérir
Cirrhose
Ornithorynque
Anticonstitutionnellement
 
Statistiques - réponses
Réponse % Correct
Paralele
61%
Magazin
54%
Acceuil
52%
Canulare
47%
Kazaksthan
45%
Caléïdoscaupe
42%
Roblochon
42%
Cauchemard
41%
Méditerannée
41%
Pyrénnées
40%
San Fransisco
40%
Hipoppotame
38%
Johnny Halliday
31%
Ecchimose
26%
Arborigène
18%
Aucun quiz correspondant
Distribution des résultats
% des personnes avec chaque résultat
Percentile par nombre de réponses
Votre historique - résultats
Vous n’avez pas pris ce quiz